ARRUPE JESUIT UNIVERSITY

CORONAVIRUS -STOP THE SPREAD - CLEAN,DISINFECT,COVER

L'affaire de la philosophie africaine : (Record no. 123785)

MARC details
000 -LEADER
fixed length control field 00916cam a2200289 a 4500
001 - CONTROL NUMBER
control field 9042595
003 - CONTROL NUMBER IDENTIFIER
control field ARRUPE
005 - DATE AND TIME OF LATEST TRANSACTION
control field 20151112115648.0
008 - FIXED-LENGTH DATA ELEMENTS--GENERAL INFORMATION
fixed length control field 111003s2011 fr b 001 0 fre d
020 ## - INTERNATIONAL STANDARD BOOK NUMBER
International Standard Book Number 9782811105228
020 ## - INTERNATIONAL STANDARD BOOK NUMBER
International Standard Book Number 2811105220
035 ## - SYSTEM CONTROL NUMBER
System control number (OCoLC)ocn756581447
035 ## - SYSTEM CONTROL NUMBER
System control number (OCoLC)756581447
Canceled/invalid control number (OCoLC)756583119
035 ## - SYSTEM CONTROL NUMBER
System control number (NNC)9042595
040 ## - CATALOGING SOURCE
Original cataloging agency TZT
Transcribing agency TZT
Modifying agency AUXAM
050 #4 - LIBRARY OF CONGRESS CALL NUMBER
Classification number B5305
Item number E24 2011
300 ## - PHYSICAL DESCRIPTION
Dimensions 24 cm.
100 1# - MAIN ENTRY--PERSONAL NAME
Personal name Eboussi Boulaga, F.
Fuller form of name (Fabien)
9 (RLIN) 21042
245 12 - TITLE STATEMENT
Title L'affaire de la philosophie africaine :
Remainder of title au-delĂ  des querelles /
Statement of responsibility, etc Fabien Eboussi Boulaga.
260 ## - PUBLICATION, DISTRIBUTION, ETC. (IMPRINT)
Place of publication, distribution, etc Paris :
Name of publisher, distributor, etc Karthala;
Place of publication, distribution, etc Yaoundé :
Name of publisher, distributor, etc Terroirs,
Date of publication, distribution, etc 2011.
300 ## - PHYSICAL DESCRIPTION
Extent 246 p. ;
504 ## - BIBLIOGRAPHY, ETC. NOTE
Bibliography, etc Includes bibliographical references and index.
650 #0 - SUBJECT ADDED ENTRY--TOPICAL TERM
Topical term or geographic name as entry element Philosophy
Geographic subdivision Africa.
9 (RLIN) 21087
653 ## - INDEX TERM--UNCONTROLLED
Uncontrolled term Essay on African philosophy
942 ## - ADDED ENTRY ELEMENTS (KOHA)
Source of classification or shelving scheme Library of Congress Classification
Koha item type Monograph ( Printed materials)
948 1# - LOCAL PROCESSING INFORMATION (OCLC); SERIES PART DESIGNATOR (RLIN)
Series part designator, SPT (RLIN) 20111026
b (OCLC) c
c (OCLC) sds12
d (OCLC) MPS
Holdings
Withdrawn status Lost status Source of classification or shelving scheme Damaged status Not for loan Collection code Home library Current library Shelving location Date acquired Total Checkouts Full call number Barcode Date last seen Date checked out Price effective from Koha item type
    Library of Congress Classification     Main Collection ARRUPE LIBRARY ARRUPE LIBRARY Main Collection 12/11/2015 2 B5305 E16 2011 46500005564 06/04/2021 25/03/2021 12/11/2015 Monograph ( Printed materials)

 

Arrupe Library. PO Box MP320 Mt Pleasant, Harare, Zimbabwe
263 242 745411|librarian@aju.ac.zw